| 000 | 00337pam a2200133a 44500 | ||
|---|---|---|---|
| 008 | 230405s2009 xxu||||| |||| 00| 0 eng d | ||
| 020 |
_a8123917570 _cRs. 285 |
||
| 082 |
_a610.026 _bDIM |
||
| 100 | _aDimond, Bridgit C. | ||
| 245 | _aLegal Aspects of Death | ||
| 260 |
_aNew Delhi _bCBS Pub. _c2009 |
||
| 300 | _a226 p | ||
| 906 | _a000670 | ||
| 999 |
_c249443 _d249443 |
||